01312 2200337 4500001002100000005001500021035002000036007000300056008004100059020002200100082001300122084002200135100002000157245014600177250002000323300003700343650002000380700001700400700001400417700001600431700001700447700002800464700003300492520030500525264003800830336002100868337003000889338002300919990001600942990001600958INLIS00000000116419620240806022740 a0010-0824000018ta240806 b 1 ind  a978-602-367-985-0 a899.2213 aSR 899.2213 DHA t0 aDhafitha Qanata1 aTersesat di pulau misterius /cDhafitha Qanata, Maria Gracia, Siti Alya, Asma Kamila, Rakyla Intan; penyunting, Rony Amdani, Wiwit Wijiastuti aCetakan 1, 2023 a88 halaman :bilustrasi ;c21 cm 4aFiksi Indonesia0 aMaria Gracia0 aSiti Alya0 aAsma Kamila0 aRakyla Intan0 aRony Amdaniepenyunting0 aWiwit Wijiastutiepenyunting aAryo dan teman-temannya tidak sengaja menemukan buku usang yang bertuliskan ‘Pulau Asing di Laut Lepas’. Ketika membuka lembarannya, tubuh mereka terasa seperti ditarik dan tiba-tiba saja mereka sudah berada di pulau misterius. Apa yang sebenarnya terjadi? Bagaimana cara mereka kembali ke rumah? aBandung :bMuffin Graphics,c2023 2rdacontentateks 2rdamediaatanpa perantara 2rdacarrieravolume a53780.66600 a53781.66601